000 00549 a2200181 4500
005 20250509125830.0
008 250509b |||||||| |||| 00| 0 eng d
020 _a9789394262904
_cRs. 1995.00
040 _aMAIN
082 _a959
_bP886H
100 _aPrasad, Birendra Nath
245 _aHistory, economy and religion: Mainland Southeast Asia c. first century ce–fourteenth century ce
260 _bManohar Publishers and Distributors
_c2024
_aNew Delhi
300 _a351
650 _aHistory
650 _aEconomy Religion
942 _cBK
999 _c361202
_d361202